A pesar de su color era mi madre hermosa : las dos caras del acercamiento al otro sab /
Sábháilte in:
| Príomhchruthaitheoir: | |
|---|---|
| Formáid: | Anaithnid |
| Teanga: | Spanish |
| Ábhair: | |
| Clibeanna: |
Cuir clib leis
Níl clibeanna ann, Bí ar an gcéad duine le clib a chur leis an taifead seo!
|
MARC
| LEADER | 000000000a22000000004500 | ||
|---|---|---|---|
| 001 | 001960 | ||
| 041 | 0 | |a spa | |
| 100 | 1 | |a Marshall, Patricia | |
| 245 | 1 | 0 | |a A pesar de su color era mi madre hermosa : |b las dos caras del acercamiento al otro sab / |c Patricia Marshall. |
| 310 | |a semestral | ||
| 650 | 4 | |a GOMEZ DE AVELLANEDA, GERTRUDIS | |
| 650 | 4 | |a CUBA | |
| 650 | 4 | |a GENERO | |
| 650 | 4 | |a IDENTIDAD LATINOAMERICANA | |
| 650 | 4 | |a SIGLO XIX | |
| 650 | 4 | |a ROMANTICISMO | |
| 650 | 4 | |a MUJER EN LA LITERATURA | |
| 773 | 0 | |x 0798-958-X |d Venezuela : Universidad Simón Bolívar |t Estudios: Revista de Investigaciones Literarias y Culturales |g volumen 5, número 10 (1997), páginas 113-128 | |
| 942 | |c ARC | ||
| 999 | |c 9749 |d 9749 | ||
